<?xml version="1.0" encoding="UTF-8"?><?xml-stylesheet type="text/xsl" href="static/style.xsl"?><OAI-PMH xmlns="http://www.openarchives.org/OAI/2.0/" xmlns:xsi="http://www.w3.org/2001/XMLSchema-instance" xsi:schemaLocation="http://www.openarchives.org/OAI/2.0/ http://www.openarchives.org/OAI/2.0/OAI-PMH.xsd"><responseDate>2026-04-14T06:16:28Z</responseDate><request verb="GetRecord" identifier="oai:www.recercat.cat:2117/119357" metadataPrefix="marc">https://recercat.cat/oai/request</request><GetRecord><record><header><identifier>oai:recercat.cat:2117/119357</identifier><datestamp>2025-07-23T06:27:13Z</datestamp><setSpec>com_2072_1033</setSpec><setSpec>col_2072_452951</setSpec></header><metadata><record xmlns="http://www.loc.gov/MARC21/slim" xmlns:dcterms="http://purl.org/dc/terms/" xmlns:xsi="http://www.w3.org/2001/XMLSchema-instance" xmlns:doc="http://www.lyncode.com/xoai" xsi:schemaLocation="http://www.loc.gov/MARC21/slim http://www.loc.gov/standards/marcxml/schema/MARC21slim.xsd">
   <leader>00925njm 22002777a 4500</leader>
   <datafield ind2=" " ind1=" " tag="042">
      <subfield code="a">dc</subfield>
   </datafield>
   <datafield ind2=" " ind1=" " tag="720">
      <subfield code="a">Graupera Diaz, Gerard</subfield>
      <subfield code="e">author</subfield>
   </datafield>
   <datafield ind2=" " ind1=" " tag="260">
      <subfield code="c">2016-01-11</subfield>
   </datafield>
   <datafield ind2=" " ind1=" " tag="520">
      <subfield code="a">1. Introducció: L'objectiu és veure quins tipus de recobriments hi ha avui en dia sobre el vidre oftàlmic i quins d’ells s’utilitzen en el camp de l’òptica, aconseguir obtenir les característiques de les lents de les diferents cases comercials que tenim avui en dia en el mercat per veure els avantatges e inconvenients dels tractaments més comuns.&#xd;
2. Descripció dels tractaments: Explicació breu dels tractaments més utilitzats avui en dia per la societat i donar a conèixer alguna de les seves característiques i usos que se’ls i pot donar.&#xd;
3. Lents: La universitat ens a facilitat algunes lents de diverses cases comercials de les quals s’ha cercat informació sobre elles per tal d’obtenir alguns dels seus paràmetres.&#xd;
3.1 Diferencies: Tot i que podem veure que totes les cases comercials comparteixen un gran nombre de similituds, com pot ser el nombre d’Abbe, les combinacions dels tractaments, l’ordre en el qual es dipositen aquests en la lent...Podem veure com algunes lents d’una marca són més efectives, ja que s’han aconseguit optimitzar el tractament.&#xd;
4. Conclusions: Els tractaments actuals avui en dia es combinen per tal d’aconseguir un rendiment superior de la lent, i així oferir no només una major qualitat de visió sinó que també minimitzar les incomoditats que pot suposar du unes ulleres</subfield>
   </datafield>
   <datafield tag="653" ind2=" " ind1=" ">
      <subfield code="a">Àrees temàtiques de la UPC::Ciències de la visió::Instruments òptics i optomètrics::Lents oftàlmiques</subfield>
   </datafield>
   <datafield tag="653" ind2=" " ind1=" ">
      <subfield code="a">Ophthalmic lenses</subfield>
   </datafield>
   <datafield tag="653" ind2=" " ind1=" ">
      <subfield code="a">Recobriments</subfield>
   </datafield>
   <datafield tag="653" ind2=" " ind1=" ">
      <subfield code="a">Lents oftàlmiques</subfield>
   </datafield>
   <datafield ind2="0" ind1="0" tag="245">
      <subfield code="a">Recobriments sobre vidre oftàlmic: tipus i aplicacions.</subfield>
   </datafield>
</record></metadata></record></GetRecord></OAI-PMH>